Curso de direito civil brasileiro / (Record no. 632)

MARC details
000 -LÍDER
Campo Fixo de Controle 00747nam a2200253 a 4500
001 - NÚMERO DE CONTROLE
Campo de Controle 632
003 - IDENTIFICAÇÃO DO NÚMERO DE CONTROLE
Campo de Controle BR-CuiBMT
005 - DATA E HORA DA ÚLTIMA ATUALIZAÇÃO
Campo de Controle 20231127141813.0
008 - DADOS FIXOS
Dados Fixos 231110b2012 spb 000 0 por d
020 ## - INTERNATIONAL STANDARD BOOK NUMBER
Nº do ISBN 9788502143333
040 ## - AGÊNCIA CATALOGADORA
Código da Agência Catalogadora BR-CuiBMT
Agência que transcreveu o registro BR-CuiBMT
080 ## - Nº DA CLASSIFICAÇÃO DECIMAL UNIVERSAL
Nº edição CDU 2007
Nº Class. CDU 347
Subd. Auxiliar Comum (81)
090 ## - NÚMERO DE CHAMADA
Nº classificação 347(81)
Cutter D585c
Ano/Edição 27. ed.
100 1# - ENTRADA PRINCIPAL -- AUTOR PESSOAL
Nome pessoal Diniz, Maria Helena,
Datas associadas ao nome 1956-
245 00 - TÍTULO PRINCIPAL
Título principal Curso de direito civil brasileiro /
Indicação de responsabilidade Maria Helena Diniz.
250 ## - EDIÇÃO
Edição 27. ed.
260 ## - PUBLICAÇÃO, DISTRIBUIÇÃO, ETC.
Local de publicação São Paulo :
Editora Saraiva,
Data 2012.
300 ## - DESCRIÇÃO FÍSICA
N. páginas ou volumes v. :
Ilustrações il. color. ;
Dimensões 23 cm
504 ## - NOTA DE BIBLIOGRAFIA, ETC.
Nota de bibliografia Inclui bibliografia.
505 1# - NOTA DE CONTEÚDO
Nota de conteúdo v. 2. Teoria geral das obrigações
590 ## - NOTA LOCAL
Nota local A Biblioteca possui somente o volume 2.
650 ## - ASSUNTO TÓPICO
Cabeçalho tópico ou nome geográfico Direito civil
Subdivisão geográfica Brasil
942 ## - ELEMENTOS DE ENTRADA ADICIONAIS (KOHA)
Fonte de classificação ou esquema de arquivamento Classificação Decimal Universal
Tipo de item do Koha Livros
Holdings
Estado: removido Estado: perdido Fonte de classificação ou esquema de arquivamento Estado: danificado Indisponível para empréstimo Localização permanente Localização atual Data de aquisição Numeração serial ou cronológica (Volume) Total Checkouts Número de Chamada completo Código de barras Date last seen Número do exemplar Preço efetivo a partir de Tipo de item (Koha)
    Classificação Decimal Universal     Biblioteca da Escola Superior de Contas do TCE/MT Biblioteca da Escola Superior de Contas do TCE/MT 02/04/2013 v. 2   347 D585c 27. ed. BIBTCEMT23110454 10/11/2023 Ex. 1 10/11/2023 Livros

Powered by Koha